000 00279nam a22001217a 4500
008 181022b xxu||||| |||| 00| 0 eng d
041 _aeng
080 _a321
100 _a21
101 _aPOL
245 _aThe Food Programme In Global Politics
_cRoss.S
942 _2udc
_cBK
999 _c50441
_d50441